[Event "May Tournament"]
[Site "SchemingMind.com"]
[Date "2009.05.22"]
[Round "-"]
[White "jtrochez1"]
[Black "Shanks"]
[Result "1/2-1/2"]
[WhiteCountry "HON"]
[BlackCountry "ENG"]
[WhiteElo "1601"]
[WhiteRD "55"]
[BlackElo "1466"]
[BlackRD "74"]
[GameID "205412"]

1. c4 Nf6 2. Nc3 g6 3. d4 d6 4. h3 Bg7 5. e3 Nbd7 6. b3 b6 7. Nf3 Bb7 8. Rb1 O-O 9. Be2 Ne4 10. Bb2 Nxc3
11. Bxc3 e5 12. dxe5 dxe5 13. Qc2 c5 14. Rd1 Qc7 15. e4 a5 16. a4 Rad8 17. Bd3 Nb8 18. O-O Nc6 19. Rd2 Nb4 20. Bxb4 axb4
21. Nh2 Bh6 22. Re2 Bc8 23. Kh1 Bf4 24. Rg1 Bh6 25. g4 Bg7 26. f3 Bb7=
1/2-1/2

[Event "May Tournament"]
[Site "SchemingMind.com"]
[Date "2009.05.25"]
[Round "-"]
[White "Shanks"]
[Black "jtrochez1"]
[Result "0-1"]
[WhiteCountry "ENG"]
[BlackCountry "HON"]
[WhiteElo "1515"]
[WhiteRD "69"]
[BlackElo "1610"]
[BlackRD "50"]
[GameID "205413"]

1. c4 g6 2. e4 e5 3. Nf3 d6 4. d3 Be7 5. Nc3 c6 6. Be2 Be6 7. Be3 Bf6 8. Qc2 Bg7 9. O-O-O Nd7 10. Ng5 Nf8
11. Nxe6 Nxe6 12. g4 Nd4 13. Bxd4 exd4 14. Nb1 c5 15. Na3 a6 16. b3 Ne7 17. f3 Nc6 18. Kb1 Na7 19. h4 Qa5 20. Qb2 O-O
21. g5 b5 22. cxb5 axb5 23. h5 b4 24. Nc4 Qc7 25. h6 Bh8 26. Rhf1 Nb5 27. f4 Nc3+ 28. Ka1 Nxa2 29. Qxa2 Rxa2+ 30. Kxa2 Ra8+
31. Kb2 Qc6 32. Ra1 Bg7 33. Rxa8+ Qxa8 34. hxg7 Kxg7 35. Nxd6 Qa3+ 36. Kc2 Qa2+ 37. Kd1 Qxb3+ 38. Ke1 Qb1+ 39. Kf2 Qa2 40. Ne8+ Kf8
41. Nd6 Qe6 42. Nc4 Qh3 43. Ke1 Qc8 44. Kd2= Qa6 45. Rb1 Kg7 46. Bd1 h5 47. gxh6+ Kxh6 48. Bb3 Kg7 49. Rb2 Qa1 50. Kc2 Qe1
51. Nd2 Qe3 52. f5 g5 53. Ra2 g4 54. Ra5 g3 55. Rxc5 g2 56. f6+ Kxf6 57. Rf5+ Kg6 58. Bxf7+ Kg7 59. Nf3 Qe2+ 60. Kb3 Qxd3+
61. Kxb4 Qxe4 62. Rg5+ Kxf7 63. Ne5+ Kf6 64. Rxg2 Qxg2 65. Nd7+ Kf5 66. Kc5 d3 67. Kd4 d2 68. Nc5 d1=Q+ 69. Nd3 Qe4+ 70. Kc3 Qdxd3+
71. Kb2 Qee2+
0-1

[Event "May Tournament"]
[Site "SchemingMind.com"]
[Date "2009.05.22"]
[Round "-"]
[White "mmccaffe"]
[Black "jtrochez1"]
[Result "1-0"]
[WhiteCountry "USA"]
[BlackCountry "HON"]
[WhiteElo "1530"]
[WhiteRD "61"]
[BlackElo "1520"]
[BlackRD "54"]
[GameID "205596"]

1. c4 g6 2. Nc3 Nf6 3. d4 c5 4. d5 d6 5. g3 Bg7 6. Bg2 O-O 7. e4 e5 8. Nge2 a6 9. O-O Bd7 10. f4 Bg4
11. fxe5 dxe5 12. h3 Bd7 13. Be3 b6 14. Qb3 Qc8 15. Qxb6 Bxh3 16. Qxc5 Bxg2 17. Kxg2 Qxc5 18. Bxc5 Rc8 19. b4 Nbd7 20. Rfc1 Nxc5
21. bxc5 Rxc5 22. Na4 Ra5 23. Nec3 Rb8 24. Rcb1 Rxb1 25. Rxb1 Nd7 26. Rb2 Nc5 27. Rb4 Bf8 28. Nxc5 Bxc5 29. Rb2 Bd4 30. Rc2 Bxc3
31. Rxc3 Rxa2+ 32. Kf3 Kf8 33. c5 Rb2 34. Ra3 Rc2 35. c6 Ke7 36. Rxa6 Kd6 37. Ra7 f5 38. Rd7+ Kc5 39. d6 Kxc6 40. Rc7+ Kxd6
41. Rxc2 g5 42. exf5
1-0

[Event "May Tournament"]
[Site "SchemingMind.com"]
[Date "2009.05.26"]
[Round "-"]
[White "mmccaffe"]
[Black "Shanks"]
[Result "1-0"]
[WhiteCountry "USA"]
[BlackCountry "ENG"]
[WhiteElo "1530"]
[WhiteRD "61"]
[BlackElo "1418"]
[BlackRD "74"]
[GameID "205597"]

1. c4 g6 2. Nc3 Nf6 3. d4 d6 4. e4 Bg7 5. f3 O-O 6. Be3 a6 7. Bd3 Nbd7 8. Nge2 c5 9. O-O cxd4 10. Bxd4 e5
11. Be3 b6 12. Qe1 Nc5 13. Bc2 b5 14. cxb5 axb5 15. Nxb5 Ba6 16. Nbc3 Ne6 17. Qd2 Nf4 18. Bxf4 exf4 19. Qxf4 Nh5 20. Qd2 Qb6+
21. Kh1 Qb8 22. Rfd1 Rd8 23. Rab1 Bh8 24. Nf4 Ng7 25. Nfd5 Ra7 26. Nf6+ Kf8 27. Nxh7+ Ke7 28. Qg5+ Kd7 29. Ba4+ Kc7 30. Nd5+ Kb7
31. Qe7+ Ka8 32. Bc6+ Bb7 33. Nb6#
1-0

[Event "May Tournament"]
[Site "SchemingMind.com"]
[Date "2009.05.23"]
[Round "-"]
[White "jtrochez1"]
[Black "mmccaffe"]
[Result "1-0"]
[WhiteCountry "HON"]
[BlackCountry "USA"]
[WhiteElo "1520"]
[WhiteRD "54"]
[BlackElo "1530"]
[BlackRD "61"]
[GameID "205598"]

1. c4 Nf6 2. Nc3 g6 3. b3 Bg7 4. Rb1 d5 5. d4 O-O 6. h3 e6 7. e3 Nbd7 8. Be2 c5 9. Nf3 dxc4 10. Bxc4 a6
11. O-O b5 12. Be2 cxd4 13. Nxd4 Bb7 14. Nf3 Nb6 15. Qxd8 Rfxd8 16. Bd2 Nfd5 17. Nxd5 Nxd5 18. Ba5 Rdc8 19. Rbc1 Nc3 20. Bxc3 Rxc3
21. Rxc3 Rc8 22. Rxc8+ Bxc8 23. Rd1 Bb7 24. Rd8+ Bf8 25. Ne5 Kg7 26. Nd7
1-0

[Event "May Tournament"]
[Site "SchemingMind.com"]
[Date "2009.05.25"]
[Round "-"]
[White "Shanks"]
[Black "mmccaffe"]
[Result "0-1"]
[WhiteCountry "ENG"]
[BlackCountry "USA"]
[WhiteElo "1418"]
[WhiteRD "74"]
[BlackElo "1530"]
[BlackRD "61"]
[GameID "205599"]

1. c4 Nf6 2. d4 g6 3. Nc3 d5 4. c5 Bg7 5. g3 Nc6 6. Bg2 O-O 7. a3 Re8 8. Nf3 Bg4 9. O-O a6 10. b4 Qd7
11. Ne5 Qe6 12. Nxg4 Qxg4 13. f3 Qxd4+ 14. Qxd4 Nxd4 15. Ra2 Nb5 16. Nxb5 axb5 17. Bb2 c6 18. g4 Nd7 19. Bxg7 Kxg7 20. Re1 Ne5
21. Raa1 Nc4 22. e3 Ra7 23. e4 d4 24. e5 Ne3 25. Re2 Nc4 26. f4 Rea8 27. e6 Rxa3 28. Rae1 Ra1 29. exf7 Rxe1+ 30. Rxe1 Kxf7
31. f5 gxf5 32. gxf5 Ne3 33. Bh3 Ra4 34. Kf2 Rxb4 35. Rxe3 dxe3+ 36. Kxe3 Rb3+ 37. Kf4 Rxh3 38. Ke5 b4
0-1

[Event "May Tournament"]
[Site "SchemingMind.com"]
[Date "2009.05.24"]
[Round "-"]
[White "Brian Acebo"]
[Black "jtrochez1"]
[Result "0-1"]
[WhiteCountry "USA"]
[BlackCountry "HON"]
[WhiteElo "1602"]
[WhiteRD "66"]
[BlackElo "1601"]
[BlackRD "55"]
[GameID "205734"]

1. c4 g6 2. Nc3 Bg7 3. d4 c6 4. Nf3 d6 5. g3 e6 6. Bg2 Ne7 7. O-O O-O 8. Bg5 Qc7 9. Qd2 f6 10. Bh6 Bd7
11. Bxg7 Kxg7 12. a3 Be8 13. b4 d5 14. c5 Nd7 15. a4 Bf7 16. b5 e5 17. e4 Rad8 18. Rab1 Rb8 19. Rfe1 Rfe8 20. exd5 cxd5
21. Qe3 e4 22. Nd2 Nf5 23. Qe2 Nxd4 24. Qe3 Nc2 25. Qe2 Nxe1 26. Rxe1 f5 27. Qe3 Nxc5 28. Qd4+ Kg8 29. Nxd5 Bxd5 30. Qxd5+ Ne6
31. Qa2 Kf8 32. Qb2 Ng7 33. Rc1 Qe5 34. Qb4+ Kg8 35. Nc4 Qd4 36. Bf1 e3 37. Qe1 exf2+ 38. Qxf2 Qxf2+ 39. Kxf2 Rbc8 40. Rd1 Rcd8
41. Rc1 Re7 42. Re1 Rxe1 43. Kxe1 Ne6 44. Kf2 b6 45. h4 Nc5 46. Ne5 Nxa4 47. Nc6 Rd7 48. Bc4+ Kg7 49. Ke3 Nc5 50. Ne5 Rd1
51. Nf3 Ne4 52. Kf4 h6 53. Be2 Rc1 54. Ne5 g5+ 55. hxg5 hxg5+ 56. Kxf5 Nxg3+ 57. Kxg5 Nxe2
0-1

[Event "May Tournament"]
[Site "SchemingMind.com"]
[Date "2009.05.27"]
[Round "-"]
[White "Brian Acebo"]
[Black "Shanks"]
[Result "1-0"]
[WhiteCountry "USA"]
[BlackCountry "ENG"]
[WhiteElo "1581"]
[WhiteRD "64"]
[BlackElo "1503"]
[BlackRD "65"]
[GameID "205735"]

1. c4 e5 2. Nc3 d6 3. d4 Nd7 4. Nf3 exd4 5. Nxd4 g6 6. g3 Bg7 7. e3 Ne7 8. Bg2 O-O 9. O-O Ne5 10. b3 Rb8
11. Bb2 c5 12. Nde2 b6 13. a4 a6 14. Rb1 a5 15. Nb5 Bb7 16. Nxd6 Bxg2 17. Kxg2 N7c6 18. f4 Ng4 19. Rf3 Bxb2 20. Rxb2 Qe7
21. Qd2 Nxe3+ 22. Rxe3 Qf6 23. Ne4 Qg7 24. N2c3 Nd4 25. Ne2 Nf5 26. Rd3 h5 27. Qc3 Qh7 28. Nf6+ Kh8 29. Nxh7+ Kxh7 30. Qf6 Nh6
31. h3 Ng8 32. Qc3 Ne7 33. Rbd2 Nf5 34. Rd7 h4 35. Qf6 Kg8 36. g4 Ng3 37. Nxg3 hxg3 38. Kxg3 Rbe8 39. Re7 Rxe7 40. Qxe7 Kg7
41. Rd8 Rxd8 42. Qxd8 b5 43. cxb5 c4 44. bxc4 f6 45. Qe7+ Kh6 46. h4
1-0

[Event "May Tournament"]
[Site "SchemingMind.com"]
[Date "2009.05.27"]
[Round "-"]
[White "Brian Acebo"]
[Black "mmccaffe"]
[Result "1/2-1/2"]
[WhiteCountry "USA"]
[BlackCountry "USA"]
[WhiteElo "1615"]
[WhiteRD "67"]
[BlackElo "1530"]
[BlackRD "61"]
[GameID "205736"]

1. c4 Nf6 2. d4 g6 3. Nf3 d5 4. c5 Bg7 5. g3 O-O 6. Bg2 Nc6 7. O-O Ne4 8. Nbd2 Nxd2 9. Bxd2 Bg4 10. e3 Bxf3
11. Bxf3 e5 12. dxe5 Nxe5 13. Bg2 Nc4 14. Rb1 Nxb2 15. Qb3 Nc4 16. Bb4 a5 17. Bc3 Bxc3 18. Qxc3 b6 19. cxb6 Nxb6 20. Rfd1 Qe7=
1/2-1/2

[Event "May Tournament"]
[Site "SchemingMind.com"]
[Date "2009.05.23"]
[Round "-"]
[White "jtrochez1"]
[Black "Brian Acebo"]
[Result "0-1"]
[WhiteCountry "HON"]
[BlackCountry "USA"]
[WhiteElo "1594"]
[WhiteRD "53"]
[BlackElo "1620"]
[BlackRD "64"]
[GameID "205737"]

1. c4 e5 2. b3 Nf6 3. h3 g6 4. Nc3 Bg7 5. e4 O-O 6. d3 c6 7. Bd2 d6 8. Be2 Bd7 9. Bf3 Be6 10. Nge2 a6
11. Ng3 b5 12. Qe2 Nbd7 13. Be3 c5 14. O-O Rb8 15. Nd5 Nb6 16. Qd2 b4 17. Bg5 a5 18. a4 Nbxd5 19. cxd5 Bd7 20. Qe3 Qc7
21. Rac1 Rbc8 22. Be2 Ne8 23. Bh6 f5 24. Bxg7 f4 25. Qf3 Nxg7 26. Nh1 Qd8 27. Rfd1 Nh5 28. Bf1 Nf6 29. Rd2 Kg7 30. Rdc2 Qe7
31. Qd1 h6 32. f3 g5 33. g4 h5 34. Nf2 hxg4 35. hxg4 Rh8 36. Nh3 Kg6 37. Rh2 Rh6 38. Rcc2 Rch8 39. Bg2 Qd8 40. Qf1 Qc8
41. Bh1 Bxg4 42. Kf2 Bxh3 43. Qg1 Rh5 44. Ke1 Kf7 45. Rcf2 Bd7 46. Kd2 Qg8 47. Rxh5 Rxh5 48. Rh2 Rxh2+ 49. Qxh2 g4 50. Qh4 gxf3
51. Bxf3 Bg4 52. Ke2 Bxf3+ 53. Kxf3 Qg6 54. Qh2 Ng4 55. Qg1 Ne3 56. Qxg6+ Kxg6 57. Kf2 Kg5
0-1

[Event "May Tournament"]
[Site "SchemingMind.com"]
[Date "2009.05.25"]
[Round "-"]
[White "Shanks"]
[Black "Brian Acebo"]
[Result "1/2-1/2"]
[WhiteCountry "ENG"]
[BlackCountry "USA"]
[WhiteElo "1503"]
[WhiteRD "65"]
[BlackElo "1581"]
[BlackRD "64"]
[GameID "205738"]

1. c4 Nf6 2. d4 d5 3. c5 Nc6 4. a3 g6 5. Nf3 Bg7 6. Nc3 O-O 7. e3 b6 8. cxb6 axb6 9. Be2 e6 10. O-O Bb7
11. b4 Ne7 12. Bb2 c6 13. Rb1 Rc8 14. Ne5 c5 15. bxc5 bxc5 16. dxc5 Rxc5 17. Nd3 Rc7 18. Nb5 Rc8 19. Be5 Nc6 20. Nd6 Rb8
21. Nxb7 Qd7 22. Bxb8 Rxb8 23. Nbc5 Rxb1 24. Qxb1 Qc7 25. Re1 Nd7 26. Nxd7 Qxd7 27. Nc5 Qd6 28. Nb7 Qxa3 29. Bf1 Qe7 30. g3 Ne5
31. Bg2 h5 32. f4 Ng4 33. Na5 Qc7 34. Nb3 Qb6 35. Qd3 Qd6 36. Qd2 Kh7 37. Nd4 f5 38. Nf3 Bf6 39. Ng5+ Bxg5 40. fxg5 Ne5
41. h4 Kg7 42. Qf2 Ng4 43. Qb2+ Kh7 44. Qb7+= Kg8 45. Qc8+ Kf7=
1/2-1/2

[Event "May Tournament"]
[Site "SchemingMind.com"]
[Date "2009.05.26"]
[Round "-"]
[White "mmccaffe"]
[Black "Brian Acebo"]
[Result "1-0"]
[WhiteCountry "USA"]
[BlackCountry "USA"]
[WhiteElo "1570"]
[WhiteRD "63"]
[BlackElo "1602"]
[BlackRD "66"]
[GameID "205739"]

1. c4 e6 2. e4 c5 3. Nf3 Nc6 4. d4 cxd4 5. Nxd4 Nf6 6. Nc3 Bb4 7. Bg5 h6 8. Nxc6 bxc6 9. Bxf6 Qxf6 10. Rc1 O-O
11. Bd3 Bb7 12. O-O d5 13. exd5 cxd5 14. Qb3 Qe7 15. a3 Bxc3 16. Rxc3 dxc4 17. Rxc4 Rab8 18. Qc3 Rfc8 19. Rc1 Rxc4 20. Qxc4 Rc8
21. Qxc8+ Bxc8 22. Rxc8+ Qf8 23. Rxf8+ Kxf8 24. f4 f5 25. Bc4 Ke7 26. b3 Kd6 27. Kf2 e5 28. fxe5+ Kxe5 29. a4 a5 30. Ke3 g5
31. g3 f4+ 32. gxf4+ gxf4+ 33. Kf3 h5 34. h4
1-0

[Event "May Tournament"]
[Site "SchemingMind.com"]
[Date "2009.05.28"]
[Round "-"]
[White "Eden"]
[Black "jtrochez1"]
[Result "0-1"]
[WhiteCountry "CZE"]
[BlackCountry "HON"]
[WhiteElo "1400"]
[WhiteRD "65"]
[BlackElo "1594"]
[BlackRD "53"]
[GameID "206270"]

1. c4 g6 2. e3 e5 3. a3 Bg7 4. h4 Nf6 5. b4 e4 6. Bb2 O-O 7. g4 d5 8. g5 Nh5 9. Bxg7 Nxg7 10. Be2 Bf5
11. Nc3 c6 12. f4 d4 13. exd4 Qxd4 14. c5 Ne6 15. h5 Nd7 16. hxg6 fxg6 17. Nh3 Rad8 18. Bg4 Nb8 19. Bxf5 Rxf5 20. Ne2 Qc4
21. Rc1 Qa2 22. Rc3 Qd5 23. Rf1 Nd4 24. Nxd4 Qxd4 25. Qe2 Nd7 26. Rc4 Qa1+ 27. Kf2 Qxa3 28. Kg2 Nf8 29. Rxe4 Qb2 30. Rd1 Rfd5
31. Qc4 Kh8 32. Kg3 Rd3+ 33. Kg4 Rxd2
0-1

[Event "May Tournament"]
[Site "SchemingMind.com"]
[Date "2009.06.01"]
[Round "-"]
[White "Eden"]
[Black "Shanks"]
[Result "0-1"]
[WhiteCountry "CZE"]
[BlackCountry "ENG"]
[WhiteElo "1441"]
[WhiteRD "62"]
[BlackElo "1466"]
[BlackRD "74"]
[GameID "206271"]

1. c4 c5 2. g3 g6 3. d4 Na6 4. e3 Bg7 5. b3 d6 6. Bb2 e6 7. Nf3 Ne7 8. h4 h5 9. Qd2 O-O 10. Bh3 b6
11. g4 Bb7 12. Qe2 cxd4 13. exd4 d5 14. Nbd2 Nb4 15. Kd1 a5 16. gxh5 dxc4 17. Nxc4 Nbd5 18. hxg6 Nxg6
0-1

[Event "May Tournament"]
[Site "SchemingMind.com"]
[Date "2009.05.28"]
[Round "-"]
[White "Eden"]
[Black "mmccaffe"]
[Result "1/2-1/2"]
[WhiteCountry "CZE"]
[BlackCountry "USA"]
[WhiteElo "1532"]
[WhiteRD "66"]
[BlackElo "1530"]
[BlackRD "61"]
[GameID "206272"]

1. c4 Nf6 2. Nf3 g6 3. b4 Bg7 4. Bb2 O-O 5. h3 d5 6. e3 e6 7. g4 Nc6 8. Qb3 dxc4 9. Qc3 Ne8 10. d4 b5
11. a4 Ba6 12. Na3 bxa4 13. b5 Nxd4 14. Nxd4 Bb7 15. Rh2 c5 16. Nxc4 cxd4 17. exd4 Rc8 18. Rxa4 Nd6 19. Rxa7 Nxb5 20. Qb4 Nxa7
21. Qxb7 Qc7 22. Qxc7 Rxc7 23. f4 Rd8 24. Rd2 Nc6 25. Ne5 Bxe5 26. fxe5 Ne7 27. h4 Nd5 28. Bg2 Rb7 29. Ke2 Nf4+ 30. Kf2 Nxg2
31. Kxg2 Rdb8 32. Ba3 Ra8 33. Bc5 Rab8 34. Ba3 Ra8 35. Bc1 Ra1 36. Rc2 Rbb1 37. Bg5 Rg1+ 38. Kf3 Raf1+=
1/2-1/2

[Event "May Tournament"]
[Site "SchemingMind.com"]
[Date "2009.05.28"]
[Round "-"]
[White "Eden"]
[Black "Brian Acebo"]
[Result "0-1"]
[WhiteCountry "CZE"]
[BlackCountry "USA"]
[WhiteElo "1441"]
[WhiteRD "62"]
[BlackElo "1602"]
[BlackRD "66"]
[GameID "206273"]

1. c4 Nf6 2. g3 e6 3. Bg2 c5 4. Qb3 d5 5. d3 d4 6. Bxb7 Bxb7 7. Qxb7 Nbd7 8. Bg5 Be7 9. Nf3 O-O 10. b3 a5
11. Nbd2 Rb8 12. Qc6 h6 13. Bxf6 Nxf6 14. Ne4 Nxe4 15. Qxe4 Qb6 16. Rb1 Rfe8 17. h4 Qc7 18. O-O Rb6 19. e3 dxe3 20. fxe3 Reb8
21. Ne5 Bf6
0-1

[Event "May Tournament"]
[Site "SchemingMind.com"]
[Date "2009.05.28"]
[Round "-"]
[White "jtrochez1"]
[Black "Eden"]
[Result "1-0"]
[WhiteCountry "HON"]
[BlackCountry "CZE"]
[WhiteElo "1594"]
[WhiteRD "53"]
[BlackElo "1400"]
[BlackRD "65"]
[GameID "206274"]

1. c4 e6 2. d4 Qf6 3. e3 h5 4. b3 c5 5. Nf3 g5 6. Bb2 Nh6 7. Qe2 b6 8. d5 Qg6 9. Bxh8 Bg7 10. Bxg7 Qxg7
11. Nxg5 Qxa1 12. Qxh5 Qxb1+ 13. Ke2 Qg6 14. Qxg6 fxg6 15. e4 Na6 16. a3 Rb8 17. f3 b5 18. Kd2 exd5 19. exd5 bxc4 20. bxc4 Nf7
21. Nxf7 Kxf7 22. Kc2 d6 23. Bd3 Bf5 24. Bxf5 gxf5 25. f4 Re8 26. Rd1 Re4 27. g3 Re2+ 28. Rd2 Re3 29. Kb2 Kg6 30. Rc2 Kh5
31. Rc3
1-0

[Event "May Tournament"]
[Site "SchemingMind.com"]
[Date "2009.06.01"]
[Round "-"]
[White "Shanks"]
[Black "Eden"]
[Result "1-0"]
[WhiteCountry "ENG"]
[BlackCountry "CZE"]
[WhiteElo "1508"]
[WhiteRD "70"]
[BlackElo "1400"]
[BlackRD "65"]
[GameID "206275"]

1. c4 d5 2. e3 e6 3. d4 dxc4 4. Bxc4 c5 5. Ne2 b6 6. Nd2 Nh6 7. h3 g5 8. g4 Ng8 9. b3 h5 10. gxh5 Rxh5
11. Ng3 Rh6 12. Bb2 Nc6 13. Qf3 Bb7 14. O-O-O Qd7 15. Nge4 Be7 16. dxc5 Bxc5 17. Nxg5 Nb4 18. Qxf7+ Qxf7 19. Nxf7 Kxf7 20. Rhf1 Rxh3
21. Kb1 Nf6 22. a3
1-0

[Event "May Tournament"]
[Site "SchemingMind.com"]
[Date "2009.05.27"]
[Round "-"]
[White "mmccaffe"]
[Black "Eden"]
[Result "1-0"]
[WhiteCountry "USA"]
[BlackCountry "CZE"]
[WhiteElo "1466"]
[WhiteRD "73"]
[BlackElo "1547"]
[BlackRD "65"]
[GameID "206276"]

1. c4 c5 2. Nc3 d6 3. g3 a6 4. Bg2 f5 5. b3 e5 6. e4 Ne7 7. exf5 Nxf5 8. Qh5+ g6 9. Qd1 Nd4 10. Nge2 Nbc6
11. O-O h5 12. Bb2 h4 13. f4 Bg4 14. h3 Bxe2 15. Nxe2 Nxe2+ 16. Qxe2 Bg7 17. f5 gxf5 18. Rxf5 Qd7 19. Raf1 hxg3 20. Rf7 Qxf7
21. Rxf7 Kxf7 22. Qg4 Rhg8 23. Bd5+ Ke7 24. Qe6+
1-0

[Event "May Tournament"]
[Site "SchemingMind.com"]
[Date "2009.05.29"]
[Round "-"]
[White "Brian Acebo"]
[Black "Eden"]
[Result "1-0"]
[WhiteCountry "USA"]
[BlackCountry "CZE"]
[WhiteElo "1602"]
[WhiteRD "66"]
[BlackElo "1441"]
[BlackRD "62"]
[GameID "206277"]

1. c4 e5 2. Nc3 Bc5 3. Nf3 d6 4. g3 Nf6 5. Bg2 Ng4 6. e3 f5 7. O-O e4 8. Ne1 Be6 9. d3 d5 10. cxd5 Bxd5
11. dxe4 Bc4 12. exf5 c6 13. Qxd8+ Kxd8 14. Nd3 Bxd3 15. Rd1 Ne5 16. f4 Ned7 17. Rxd3 Na6 18. a3
1-0

[Event "May Tournament"]
[Site "SchemingMind.com"]
[Date "2009.06.01"]
[Round "-"]
[White "jamesm_beatty"]
[Black "jtrochez1"]
[Result "0-1"]
[WhiteCountry "USA"]
[BlackCountry "HON"]
[WhiteElo "1386"]
[WhiteRD "78"]
[BlackElo "1601"]
[BlackRD "55"]
[GameID "206516"]

1. c4 g6 2. d4 c6 3. Nc3 Bg7 4. Nf3 Nf6 5. e4 O-O 6. Bf4 Ne8 7. c5 d6 8. cxd6 exd6 9. Bc4 Bg4 10. h3 Bxf3
11. Qxf3 Nd7 12. O-O b5 13. Bb3 a5 14. d5 a4 15. Bc2 a3 16. bxa3 Rxa3
0-1

[Event "May Tournament"]
[Site "SchemingMind.com"]
[Date "2009.06.02"]
[Round "-"]
[White "jamesm_beatty"]
[Black "Shanks"]
[Result "1-0"]
[WhiteCountry "USA"]
[BlackCountry "ENG"]
[WhiteElo "1451"]
[WhiteRD "68"]
[BlackElo "1503"]
[BlackRD "65"]
[GameID "206517"]

1. c4 e5 2. Nc3 Nf6 3. e4 d6 4. Nf3 g6 5. d4 exd4 6. Nxd4 Bg7 7. Nf3 O-O 8. Bg5 Qe8 9. Bd3 Nfd7 10. O-O Ne5
11. Re1 Nxd3 12. Qxd3 Nd7 13. Nb5 Ne5 14. Nxe5 dxe5 15. Nxc7 Qc6 16. Nxa8 b6 17. Qd5 Bb7 18. Qxc6 Bxc6 19. Nc7 h6 20. Be7 Rc8
21. Nd5 Bd7 22. b3 h5 23. Rad1 Bg4 24. f3 Be6 25. Bf6 Bxf6 26. Nxf6+ Kg7 27. Nd7 f6 28. Rd6 Bf7 29. Nxf6 Rh8 30. Nd7 h4
31. Nxe5 a5 32. Rxb6 h3 33. Rb7 hxg2 34. Rxf7+ Kh6 35. Rf6 Kg5 36. Rxg6+ Kh5 37. Re2 Re8 38. f4 Rd8 39. Re3 Rd1+ 40. Kxg2 Rd2+
41. Kf3 Rxa2 42. Rg5+ Kh6 43. Ng4+ Kh7 44. f5 a4 45. bxa4 Rxa4 46. Kf4 Rxc4 47. Rh3#
1-0

[Event "May Tournament"]
[Site "SchemingMind.com"]
[Date "2009.06.01"]
[Round "-"]
[White "jamesm_beatty"]
[Black "mmccaffe"]
[Result "0-1"]
[WhiteCountry "USA"]
[BlackCountry "USA"]
[WhiteElo "1387"]
[WhiteRD "81"]
[BlackElo "1530"]
[BlackRD "61"]
[GameID "206518"]

1. c4 Nf6 2. d4 g6 3. Nc3 d5 4. c5 Bg7 5. Nf3 Nc6 6. Bf4 a6 7. Qd3 Bf5 8. Qe3 O-O 9. Ne5 Nxe5 10. Bxe5 Ne4
11. Nxe4 Bxe4 12. f3 Bf5 13. Qf4 f6 14. Bxc7 Qd7 15. Bb6 Qb5 16. e4 Qxb2 17. Rc1 Qxd4 18. exf5 Qxf4 19. Bd3 Qxc1+ 20. Kf2 Qxh1
0-1

[Event "May Tournament"]
[Site "SchemingMind.com"]
[Date "2009.06.01"]
[Round "-"]
[White "jamesm_beatty"]
[Black "Brian Acebo"]
[Result "0-1"]
[WhiteCountry "USA"]
[BlackCountry "USA"]
[WhiteElo "1386"]
[WhiteRD "78"]
[BlackElo "1602"]
[BlackRD "66"]
[GameID "206519"]

1. c4 e5 2. Nc3 Nf6 3. Nf3 Nc6 4. e4 Bc5 5. b3 O-O 6. d3 a6 7. Bg5 h6 8. Bh4 Be7 9. d4 exd4 10. Nxd4 b6
11. Nxc6 dxc6 12. Qxd8 Rxd8 13. e5 Bb4 14. exf6 Bxc3+ 15. Ke2 Bxa1 16. fxg7 Re8+ 17. Kd2 Bxg7 18. g3 Bf5 19. Bg2 Re6 20. Re1 Rd6+
21. Kc1 Bf6 22. Bxf6 Rxf6 23. f4 Rd8 24. Bxc6 Rxc6
0-1

[Event "May Tournament"]
[Site "SchemingMind.com"]
[Date "2009.06.01"]
[Round "-"]
[White "jamesm_beatty"]
[Black "Eden"]
[Result "1-0"]
[WhiteCountry "USA"]
[BlackCountry "CZE"]
[WhiteElo "1462"]
[WhiteRD "74"]
[BlackElo "1400"]
[BlackRD "65"]
[GameID "206520"]

1. c4 e5 2. Nc3 f5 3. e4 Qf6 4. Nf3 Bc5 5. b3 Nc6 6. Nd5 Qd6 7. exf5 e4 8. Ng5 Qe5 9. Qh5+ g6 10. fxg6 Kf8
11. Nxh7+ Kg7 12. Qxe5+ Nxe5 13. d4 Bxd4 14. Nxc7 Bxa1 15. Nxa8 Ne7 16. f3 Kxg6 17. Ng5 exf3 18. Nxf3 Nxf3+ 19. gxf3 Be5 20. f4 Bd6
21. Bd3+ Nf5 22. Rg1+ Kh5 23. Bxf5 b6 24. Be4 Rf8 25. Bg6+
1-0

[Event "May Tournament"]
[Site "SchemingMind.com"]
[Date "2009.05.31"]
[Round "-"]
[White "jtrochez1"]
[Black "jamesm_beatty"]
[Result "1-0"]
[WhiteCountry "HON"]
[BlackCountry "USA"]
[WhiteElo "1601"]
[WhiteRD "55"]
[BlackElo "1386"]
[BlackRD "78"]
[GameID "206521"]

1. c4 Nf6 2. Nc3 c5 3. d4 cxd4 4. Qxd4 Nc6 5. Qd1 e5 6. e4 Bb4 7. Bd2 Bxc3 8. Bxc3 Nxe4 9. Qf3 Nf6 10. Bd3 d6
11. h3 Qe7 12. Be4 Nd4 13. Qd3 g6 14. O-O-O Nxe4 15. Qxe4 Bf5 16. Qd5 O-O 17. Nf3 Ne2+ 18. Kd2
1-0

[Event "May Tournament"]
[Site "SchemingMind.com"]
[Date "2009.06.01"]
[Round "-"]
[White "Shanks"]
[Black "jamesm_beatty"]
[Result "1/2-1/2"]
[WhiteCountry "ENG"]
[BlackCountry "USA"]
[WhiteElo "1508"]
[WhiteRD "70"]
[BlackElo "1462"]
[BlackRD "74"]
[GameID "206522"]

1. c4 Nf6 2. d4 g6 3. e3 d5 4. c5 Nc6 5. a3 e5 6. b4 Bf5 7. Nd2 exd4 8. exd4 Nxd4 9. Bb2 Nc2+ 10. Qxc2 Bxc2
11. Be2 Qe7 12. Rc1 Bd3 13. Kd1 Bxe2+ 14. Nxe2 O-O-O 15. Nd4 Qe3 16. fxe3 Ng4 17. Ke2 Bg7 18. h3 Nf6 19. Rc2 Nh5 20. Kd1 f5
21. Ne6 Rd7 22. Nxg7 Nxg7 23. Bd4 Re8 24. Re1 Rde7 25. Nf1 f4 26. Rce2 Nf5 27. Bf6 Nxe3+ 28. Nxe3 Rxe3 29. Rxe3 fxe3 30. Re2 b6
31. cxb6 axb6 32. Bd4 c5 33. bxc5 bxc5 34. Bxc5 d4 35. Bxd4 Rd8 36. Rxe3 Rxd4+ 37. Ke2 Kb7 38. Kf3 Kc6 39. g4 Ra4 40. Rc3+= Kd5
41. Ke3 Re4+ 42. Kd3 Rd4+ 43. Ke3 Re4+ 44. Kd3=
1/2-1/2

[Event "May Tournament"]
[Site "SchemingMind.com"]
[Date "2009.06.01"]
[Round "-"]
[White "mmccaffe"]
[Black "jamesm_beatty"]
[Result "1-0"]
[WhiteCountry "USA"]
[BlackCountry "USA"]
[WhiteElo "1530"]
[WhiteRD "61"]
[BlackElo "1387"]
[BlackRD "81"]
[GameID "206523"]

1. c4 Nf6 2. d4 d5 3. Nc3 dxc4 4. e3 b5 5. Nxb5 Ne4 6. Bxc4 a6 7. Nc3 Nxc3 8. bxc3 Be6 9. Bxe6 fxe6 10. Nf3 Nc6
11. Qb3 Qd6 12. Ba3 Qd5 13. c4 Qe4 14. Qb7 Rd8 15. Qxa6 e5 16. d5 Nd4 17. Nxd4 exd4 18. Qc6+ Rd7 19. O-O g6 20. Rab1 dxe3
21. Rb8+ Kf7 22. Qxd7 exf2+ 23. Rxf2+ Kg7 24. Bb2+ Kg8 25. Rbxf8#
1-0

[Event "May Tournament"]
[Site "SchemingMind.com"]
[Date "2009.05.30"]
[Round "-"]
[White "Brian Acebo"]
[Black "jamesm_beatty"]
[Result "1-0"]
[WhiteCountry "USA"]
[BlackCountry "USA"]
[WhiteElo "1602"]
[WhiteRD "66"]
[BlackElo "1386"]
[BlackRD "78"]
[GameID "206524"]

1. c4 Nf6 2. d4 d5 3. e3 dxc4 4. Bxc4 Nc6 5. Nf3 Be6 6. O-O Bxc4 7. Re1 e6 8. b3 Bd5 9. Nbd2 Bb4 10. Bb2 O-O
11. a3 Ba5 12. b4 Bb6 13. b5 Na5 14. Qc2 a6 15. bxa6 Rxa6 16. e4 Bc6 17. e5 Bxf3 18. Nxf3 Nc6 19. exf6 Qxf6 20. d5 exd5
21. Bxf6 gxf6 22. Qf5 Nd4 23. Qg4+ Kh8 24. Nxd4 Bxd4 25. Qxd4 c6 26. Qxf6+ Kg8 27. Re5
1-0